Drapeaux des cantons suisses - Statistiques

Statistiques générales
  • Ce quiz a été pris 73 fois
  • Le résultat moyen est 19 sur 26
Statistiques - réponses
Par images Réponse % Correct
Vaud
91%
Neuchâtel
87%
Berne
84%
Genève
84%
Fribourg
82%
Uri
82%
Valais
82%
Bâle-ville
80%
Tessin
80%
Jura
73%
Schwytz
73%
Zurich
71%
Appenzell Rhodes-Intérieures
69%
Saint-Gall
69%
Appenzell Rhodes-Extérieures
67%
Glaris
67%
Lucerne
67%
Nidwald
67%
Bâle-campagne
64%
Obwald
64%
Schaffhouse
64%
Soleure
64%
Argovie
62%
Grisons
62%
Thurgovie
62%
Zoug
58%
Aucun quiz correspondant
Distribution des résultats
% des personnes avec chaque résultat
Percentile par nombre de réponses
Votre historique - résultats
Vous n’avez pas pris ce quiz